LEADER 01018nam1 2200349 450 001 990000443790203316 035 $a0044379 035 $aUSA010044379 035 $a(ALEPH)000044379USA01 035 $a0044379 100 $a20010514d19..----km-y0itay0103----ba 101 $aeng 102 $aUS 105 $a||||||||001yy 200 1 $a<> collected papers of Muriel Bradbrook$fMuriel Clara Bradbrook 210 $aTotowa$cBarnes & noble books$d19... 215 $av.$d23 cm 410 $12001 606 0 $aShakespeare, William$xOpere$xStudi 676 $a822.33 700 1$aBRADBROOK,$bMuriel Clara$0157481 801 0$aIT$bsalbc$gISBD 912 $a990000443790203316 951 $aIL-i I 428$bEC$cIL-i I 428 959 $aBK 969 $aECO 979 $aPATTY$b90$c20010514$lUSA01$h1146 979 $aPATTY$b90$c20010514$lUSA01$h1146 979 $c20020403$lUSA01$h1652 979 $aPATRY$b90$c20040406$lUSA01$h1631 996 $aCollected papers of Muriel Bradbrook$9890391 997 $aUNISA LEADER 00940nam0-22003131i-450- 001 990005460650403321 005 20060804085133.0 035 $a000546065 035 $aFED01000546065 035 $a(Aleph)000546065FED01 035 $a000546065 100 $a19990604d1974----km-y0itay50------ba 101 0 $aita 105 $ay-------001yy 200 1 $aStoria ideologica d'Europa da Sieyès a Marx (1789-1848)$fSalvo Mastellone 210 $aFirenze$cSansoni$d©1974 215 $a342 p.$d18 cm 225 1 $aSansoni Universita 610 0 $aPolitica$aEuropa$aStoria$aSec. 15.18. 610 0 $aPolitica$aTeorie 676 $a320.509$v21$zita 700 1$aMastellone,$bSalvo$f<1920- >$0298718 801 0$aIT$bUNINA$gRICA$2UNIMARC 901 $aBK 912 $a990005460650403321 952 $a320.5 MAS 2$bST.MED.MOD. 7113$fFLFBC 959 $aFLFBC 996 $aStoria ideologica d'Europa da Sieyes a Marx$9139149 997 $aUNINA